[Event "12. Lichtenberger Sommer"]
[Site "Berlin"]
[Date "2013.08.20"]
[Round "4.23"]
[White "Schmidek, Emil"]
[Black "Boetzer, Detlef"]
[Result "1/2-1/2"]
[WhiteElo "1931"]
[BlackElo "2275"]
[PlyCount "63"]
[EventDate "2013.??.??"]
[WhiteTeam "TuS Makkabi Berlin e.V."]
[BlackTeam "SC Rotation Pankow e.V."]

1. e4 e6 2. d4 d5 3. Nc3 Bb4 4. e5 c5 5. a3 Bxc3+ 6. bxc3 Ne7 7. Qg4 Kf8 8. Ne2
Qa5 9. Bd2 Qa4 10. Nf4 Nbc6 11. Bd3 Ng6 12. Bxg6 hxg6 13. O-O Qxc2 14. Be3 c4
15. Rfc1 Qe4 16. Qe2 g5 17. f3 Qh7 18. Nh3 f6 19. f4 gxf4 20. Bxf4 Bd7 21. exf6
gxf6 22. Bd6+ Kf7 23. Rf1 Qh5 24. Rf3 Rag8 25. Raf1 f5 26. Bg3 Rh6 27. Nf4 Qg5
28. Re3 Qf6 29. Nh3 Ke8 30. Nf4 Kf7 31. Qf2 Rg4 32. Qe2 1/2-1/2

[Event "12. Lichtenberger Sommer"]
[Site "Berlin"]
[Date "2013.08.20"]
[Round "4.24"]
[White "Kohler, Thomas"]
[Black "Merz, Rüdiger"]
[Result "1-0"]
[WhiteElo "2263"]
[BlackElo "1900"]
[PlyCount "146"]
[EventDate "2013.??.??"]
[WhiteTeam "SC Zitadelle Spandau 1977 e.V."]
[BlackTeam "SK Zehlendorf e.V."]

1. c4 Nf6 2. Nf3 e6 3. g3 b6 4. Bg2 Bb7 5. O-O Be7 6. Nc3 O-O 7. Re1 c5 8. e4
d6 9. d4 cxd4 10. Nxd4 Qc8 11. Be3 Nc6 12. Ndb5 Rd8 13. Rc1 Rd7 14. Nd5 Bf8 15.
Nxf6+ gxf6 16. f4 Qd8 17. Nc3 Bg7 18. Qh5 Nb4 19. Red1 Rc8 20. b3 Nc6 21. Bf2
Ne7 22. Bh3 Nc6 23. Qe2 Kh8 24. Nb5 Qe7 25. Rc2 Rg8 26. Rcd2 Rgd8 27. Bg2 Kg8
28. Be1 a6 29. Nc3 f5 30. Rd3 Nb4 31. Re3 fxe4 32. Bxe4 Bxe4 33. Rxe4 d5 34.
cxd5 Qc5+ 35. Qe3 Qxe3+ 36. Rxe3 Nc2 37. Red3 Nxe1 38. Rxe1 exd5 39. Na4 Bf8
40. Rc1 b5 41. Nb2 Ba3 42. Rc2 Re7 43. Nd1 d4 44. Kf2 Re4 45. Rc6 Rde8 46. Rxa6
Re2+ 47. Kf3 Rxa2 48. b4 Re1 49. Rxd4 f5 50. Rd8+ Kf7 51. Ra7+ Re7 52. Rxe7+
Kxe7 53. Ra8 Ra1 54. Ne3 Bb2 55. Nxf5+ Ke6 56. Rxa1 Bxa1 57. Ke4 Bc3 58. Nd4+
Kf6 59. Nxb5 Bxb4 60. g4 Be1 61. Nc7 Bh4 62. Nd5+ Kg6 63. Ne3 h5 64. g5 Bf2 65.
Kf3 Be1 66. Ng2 Bd2 67. Ke4 Bb4 68. Nh4+ Kf7 69. f5 Be7 70. Nf3 h4 71. Ne5+ Kg7
72. f6+ Bxf6 73. gxf6+ Kxf6 1-0

[Event "12. Lichtenberger Sommer"]
[Site "Berlin"]
[Date "2013.08.20"]
[Round "4.25"]
[White "Niehaus, Frank"]
[Black "Pronobis, Wiktor"]
[Result "1-0"]
[WhiteElo "2208"]
[BlackElo "1892"]
[PlyCount "117"]
[EventDate "2013.??.??"]
[WhiteTeam "SK König Tegel 1949 e.V."]
[BlackTeam "SC Weisse Dame e.V."]

1. e4 Nf6 2. e5 Nd5 3. d4 d6 4. c4 Nb6 5. exd6 cxd6 6. Nc3 g6 7. Be3 Bg7 8. Rc1
O-O 9. b3 Nc6 10. d5 Ne5 11. Be2 Ned7 12. Nf3 Re8 13. O-O Nf6 14. Qd2 Nbd7 15.
b4 Ng4 16. Bf4 Nge5 17. Nxe5 Nxe5 18. h3 Nd7 19. Be3 b6 20. Rfd1 Bb7 21. Ne4
Nf6 22. Nxf6+ exf6 23. c5 bxc5 24. bxc5 dxc5 25. Rb1 Bc8 26. d6 Bd7 27. Bxc5
Bf5 28. Rb7 Bh6 29. Qb2 Be4 30. Re7 Bg5 31. Rxe8+ Qxe8 32. d7 Qd8 33. Qd4 f5
34. Qd6 Qf6 35. Ba6 Qxd6 36. Bxd6 Bc6 37. Bc8 Bd8 38. Re1 Kg7 39. Re8 Bb6 40.
Bf8+ Kf6 41. Be7+ Kg7 42. d8=Q Bxd8 43. Rxd8 Bd5 44. Rxd5 Rxc8 45. Bc5 a6 46.
a4 Kf6 47. Be3 Ke6 48. Rd4 Rc6 49. Rb4 Kd5 50. a5 h5 51. g3 f6 52. h4 Rc4 53.
Rb6 Rc6 54. Rb8 Ke4 55. Kg2 g5 56. hxg5 fxg5 57. Bxg5 Rc5 58. Bd8 f4 59. Rb4+
1-0

[Event "12. Lichtenberger Sommer"]
[Site "Berlin"]
[Date "2013.08.20"]
[Round "4.27"]
[White "Khorolskyi, Borys"]
[Black "Kutschke, Jens"]
[Result "0-1"]
[WhiteElo "2100"]
[BlackElo "1891"]
[PlyCount "86"]
[EventDate "2013.??.??"]
[WhiteTeam "vereinslos"]
[BlackTeam "Sfrd. Berlin 1903 e.V."]

1. Nf3 f5 2. g3 Nf6 3. Bg2 g6 4. O-O Bg7 5. c4 O-O 6. d4 d6 7. Nc3 Qe8 8. e4
Nxe4 9. Nxe4 fxe4 10. Ng5 Nc6 11. Be3 e5 12. d5 Ne7 13. Nxe4 Nf5 14. Qd2 Nxe3
15. Qxe3 Bf5 16. b4 a5 17. a3 Qa4 18. Qc3 axb4 19. axb4 Qd7 20. Ra3 Qf7 21. Qa1
Rxa3 22. Qxa3 Bg4 23. c5 Qe7 24. Qa7 Bf5 25. Rc1 Bxe4 26. Bxe4 Qg5 27. Rc2 Qg4
28. f3 Rxf3 29. Bxf3 Qxf3 30. Qa8+ Bf8 31. Qa2 Bh6 32. Rf2 Be3 33. Qe2 Qxf2+
34. Qxf2 Bxf2+ 35. Kxf2 Kf7 36. Kf3 h5 37. h3 b6 38. cxd6 cxd6 39. Ke3 Kf6 40.
Ke4 b5 41. Kf3 Kf5 42. Ke3 e4 43. Kd4 h4 0-1

[Event "12. Lichtenberger Sommer"]
[Site "Berlin"]
[Date "2013.08.20"]
[Round "4.28"]
[White "Grassi, Fabrizio"]
[Black "Krefenstein, Sergej"]
[Result "0-1"]
[WhiteElo "1957"]
[BlackElo "2101"]
[PlyCount "74"]
[EventDate "2013.??.??"]
[WhiteTeam "SV Berlin-Friedrichstadt"]
[BlackTeam "TuS Makkabi Berlin e.V."]

1. d4 c5 2. dxc5 Na6 3. a3 Nxc5 4. b4 Ne6 5. Bb2 Nf6 6. g3 g6 7. e4 Bg7 8. e5
Ne4 9. Bg2 Nd6 10. Qe2 O-O 11. c4 Nf5 12. Nf3 Rb8 13. O-O b6 14. Nbd2 Ba6 15.
Rfd1 Qc7 16. Rac1 Rfc8 17. Qe4 h5 18. Rc2 Bb7 19. Qe2 Bc6 20. Rcc1 Bh6 21. Ra1
a6 22. a4 a5 23. b5 Ba8 24. h4 Rd8 25. Ne4 Rbc8 26. Ned2 Bg7 27. Rdc1 Qc5 28.
Ne4 Bxe4 29. Qxe4 Nxg3 30. Qe1 Nf5 31. Qe4 Qc7 32. Rc2 Nc5 33. Qd5 e6 34. Qd1
d6 35. Qe2 dxe5 36. Nxe5 Nb3 37. Ra3 Nbd4 0-1

[Event "12. Lichtenberger Sommer"]
[Site "Berlin"]
[Date "2013.08.20"]
[Round "4.29"]
[White "Mahn, Franko"]
[Black "Eichler, Jan-Christoph"]
[Result "1-0"]
[WhiteElo "2172"]
[BlackElo "2012"]
[PlyCount "119"]
[EventDate "2013.??.??"]
[WhiteTeam "SC Weisse Dame e.V."]
[BlackTeam "Schachclub Oranienburg e.V."]

1. d4 Nf6 2. c4 g6 3. Nc3 d5 4. e3 Bg7 5. Qb3 dxc4 6. Bxc4 O-O 7. Nf3 Nc6 8.
Be2 b6 9. O-O Na5 10. Qc2 c5 11. dxc5 bxc5 12. Rd1 Qc7 13. Bd2 c4 14. Nb5 Qb6
15. Qa4 Bd7 16. Bxa5 Bxb5 17. Qb4 Qb7 18. a4 Ba6 19. Qxb7 Bxb7 20. Bxc4 Ne4 21.
Nd4 Nd6 22. Be2 Rac8 23. Rac1 Bxd4 24. exd4 Nf5 25. Bc7 Bd5 26. Ba6 Ra8 27. Rc3
e6 28. b4 f6 29. f3 Rf7 30. Kf2 Rd7 31. Bb5 Rf7 32. Ba6 Rd7 33. g4 Nh4 34. Ba5
f5 35. g5 f4 36. Rdd3 Rf8 37. Bc7 Rf5 38. Bb5 Rdf7 39. Bd8 Rf8 40. Be7 Rb8 41.
Rc7 Rf7 42. Rdc3 Nf5 43. Rc8+ Rxc8 44. Rxc8+ Kg7 45. Bf6+ Rxf6 46. gxf6+ Kxf6
47. Rc7 Nxd4 48. Be2 a6 49. b5 axb5 50. axb5 g5 51. b6 h5 52. b7 Bxb7 53. Rxb7
g4 54. fxg4 Nxe2 55. g5+ Kxg5 56. Kxe2 Kg4 57. Kf2 e5 58. Re7 Kf5 59. Kf3 Kf6
60. Re8 1-0

[Event "12. Lichtenberger Sommer"]
[Site "Berlin"]
[Date "2013.08.20"]
[Round "4.30"]
[White "George, Tom"]
[Black "Stiemerling, Wilfried"]
[Result "0-1"]
[WhiteElo "1901"]
[BlackElo "2158"]
[PlyCount "96"]
[EventDate "2013.??.??"]
[WhiteTeam "SG Blau-Weiß Stadtilm"]
[BlackTeam "BSG Pneumant Fürstenwalde e.V."]

1. e4 e6 2. Qe2 Be7 3. g3 d5 4. d3 Nf6 5. Bg2 c5 6. Nf3 Nc6 7. c3 b6 8. O-O Bb7
9. e5 Nd7 10. h4 Qc7 11. Bf4 h6 12. h5 O-O-O 13. Na3 a6 14. Rfe1 Rdg8 15. Nc2
g5 16. hxg6 fxg6 17. d4 g5 18. Bd2 h5 19. Rab1 Nd8 20. dxc5 bxc5 21. b4 g4 22.
Nh2 h4 23. Nxg4 hxg3 24. f3 Nb6 25. bxc5 Bxc5+ 26. Be3 Nc4 27. Bd4 Rg5 28. Nce3
Be7 29. Nxc4 dxc4 30. Red1 Bd5 31. Qe3 Rxg4 32. fxg4 Bxg2 33. Ba7 Bd5 34. Rxd5
exd5 35. Rb8+ Kd7 36. e6+ Ke8 37. Bd4 Qxb8 38. Bxh8 Qb1+ 39. Kg2 Qh7 40. Bd4
Qh2+ 41. Kf3 Qh3 42. Kf4 Qh6+ 43. Kf5 Qxe3 44. Bxe3 Nc6 45. g5 Kf8 46. Kg4 g2
47. Kf3 Kg7 48. Kxg2 Kg6 0-1

[Event "12. Lichtenberger Sommer"]
[Site "Berlin"]
[Date "2013.08.20"]
[Round "4.31"]
[White "Stark, Ingo"]
[Black "Kapp, Frank"]
[Result "1-0"]
[WhiteElo "2134"]
[BlackElo "1908"]
[PlyCount "59"]
[EventDate "2013.??.??"]
[WhiteTeam "TSG Oberschöneweide e.V."]
[BlackTeam "TSV IFA Chemnitz"]

1. d4 e6 2. e4 d5 3. Nc3 Nf6 4. Bg5 Bb4 5. e5 h6 6. Bd2 Bxc3 7. bxc3 Ne4 8. Qg4
Kf8 9. Bc1 c5 10. Bd3 f5 11. exf6 Nxf6 12. Qg3 Qa5 13. Bd2 c4 14. Bg6 Nc6 15.
Nf3 Qd8 16. O-O Ne7 17. Ne5 Rg8 18. Bc1 Bd7 19. Ba3 Be8 20. Rab1 b6 21. Qh3 Qc8
22. Rbe1 b5 23. Re3 Qa6 24. Bb4 Rb8 25. Rf3 Rh8 26. Qh4 Qb7 27. Rxf6+ gxf6 28.
Qxf6+ Kg8 29. Bxe7 Rh7 30. Qf8# 1-0

[Event "12. Lichtenberger Sommer"]
[Site "Berlin"]
[Date "2013.08.20"]
[Round "4.32"]
[White "Albrecht, Rainer"]
[Black "Dreke, Frank"]
[Result "1-0"]
[WhiteElo "2112"]
[BlackElo "1990"]
[PlyCount "43"]
[EventDate "2013.??.??"]
[WhiteTeam "SC Kreuzberg e.V."]
[BlackTeam "Treptower SV 1949 e.V."]

1. d4 Nf6 2. c4 e6 3. Nc3 b6 4. Qc2 Bb7 5. e4 Bb4 6. Bd3 d5 7. cxd5 Bxc3+ 8.
bxc3 exd5 9. e5 Ne4 10. Ne2 Nd7 11. O-O c5 12. f3 Ng5 13. Bb5 Ne6 14. f4 a6 15.
Bd3 cxd4 16. cxd4 b5 17. Qd2 Qb6 18. Qe3 b4 19. f5 Nef8 20. Nf4 O-O-O 21. e6
Re8 22. exd7+ 1-0

[Event "12. Lichtenberger Sommer"]
[Site "Berlin"]
[Date "2013.08.20"]
[Round "4.33"]
[White "Alten, Silvio"]
[Black "Burger, Heinrich"]
[Result "0-1"]
[WhiteElo "1887"]
[BlackElo "2120"]
[PlyCount "126"]
[EventDate "2013.??.??"]
[WhiteTeam "Treptower SV 1949 e.V."]
[BlackTeam "VfB Hermsdorf e.V."]

1. e4 c5 2. d4 cxd4 3. c3 d3 4. Bxd3 Nc6 5. Nf3 d6 6. h3 g6 7. c4 Bg7 8. Nc3
Nf6 9. Be3 O-O 10. Rc1 b6 11. O-O Bb7 12. b3 Nd7 13. Bb1 Nc5 14. Qe2 Ne5 15.
Nd4 Ne6 16. Rfd1 Nxd4 17. Bxd4 Bh6 18. Be3 Bxe3 19. Qxe3 Qc8 20. Nd5 Re8 21. f4
Nd7 22. f5 Bxd5 23. exd5 Qc5 24. Rd4 Ne5 25. Rcd1 Rac8 26. Qh6 Kh8 27. Kh1 Rg8
28. Qh4 g5 29. Qh6 f6 30. Qh5 b5 31. Qe2 a6 32. cxb5 axb5 33. a4 bxa4 34. bxa4
Rb8 35. Qc2 Qb6 36. Qe2 Rgc8 37. R4d2 Qa5 38. Bc2 Rc3 39. Ra1 Rbc8 40. Ra2 R8c5
41. Qh5 Rc8 42. Bd1 Kg7 43. Be2 Rc1+ 44. Kh2 Qa7 45. Bd1 Qe3 46. Rf2 R8c3 47.
Qe2 Qg3+ 48. Kh1 Re3 49. Qd2 Rb1 50. Rf1 g4 51. a5 gxh3 52. gxh3 Qxh3+ 53. Kg1
Rg3+ 54. Qg2 Rxg2+ 55. Rxg2+ Kf8 56. a6 Qe3+ 57. Kh2 Ra1 58. Rg3 Ra2+ 59. Rg2
Rxg2+ 60. Kxg2 Qe4+ 61. Kh3 Qd3+ 62. Kg2 Qxa6 63. Rf2 Qd3 0-1

[Event "12. Lichtenberger Sommer"]
[Site "Berlin"]
[Date "2013.08.20"]
[Round "4.34"]
[White "Heerde, Thomas"]
[Black "Halli, Gerhard"]
[Result "1/2-1/2"]
[WhiteElo "2011"]
[BlackElo "1938"]
[PlyCount "99"]
[EventDate "2013.??.??"]
[WhiteTeam "SC Weisse Dame e.V."]
[BlackTeam "SK 1947 Sandhausen e.V."]

1. e4 d5 2. exd5 Qxd5 3. Nc3 Qa5 4. d4 Nf6 5. Bc4 Bg4 6. Nge2 c6 7. O-O e6 8.
f3 Bf5 9. Ng3 Bg6 10. f4 Bb4 11. f5 exf5 12. Qe2+ Kf8 13. Bd2 Qb6 14. Rad1 Nbd7
15. Kh1 h6 16. Bf4 Re8 17. Qf3 Kg8 18. a3 Bf8 19. b4 a5 20. Na4 Qa7 21. Nc5 Nb6
22. Bd3 Nbd5 23. Be5 b6 24. Nb3 axb4 25. axb4 Nxb4 26. Bxf5 Bxf5 27. Nxf5 Re6
28. Ra1 Qd7 29. Ra8 Kh7 30. c4 Re8 31. Raa1 Qe6 32. Nd2 Rg8 33. Rae1 Qd7 34.
Qc3 b5 35. Nxg7 Bxg7 36. Qxb4 Ng4 37. Qb1+ Kh8 38. Bxg7+ Kxg7 39. Nf3 Ne3 40.
Rf2 Nxc4 41. Ref1 Qd5 42. Nh4 Qe4 43. Rxf7+ Kh8 44. Nf3 Qxb1 45. Rxb1 Rgf8 46.
Rc7 Rc8 47. Ra7 Ra8 48. Rc7 Rac8 49. Ra7 Ra8 50. Rc7 1/2-1/2

[Event "12. Lichtenberger Sommer"]
[Site "Berlin"]
[Date "2013.08.20"]
[Round "4.35"]
[White "Alcer, Fabian"]
[Black "Godoj, Veit"]
[Result "0-1"]
[WhiteElo "1776"]
[BlackElo "2045"]
[PlyCount "80"]
[EventDate "2013.??.??"]
[WhiteTeam "SV Empor Berlin e.V."]
[BlackTeam "SV Königsjäger Süd-West e.V."]

1. e4 g6 2. d4 Bg7 3. Nf3 c6 4. Bd3 d5 5. exd5 cxd5 6. c3 Nc6 7. O-O Nf6 8. h3
Bf5 9. Bxf5 gxf5 10. Qd3 e6 11. Re1 Ne4 12. Nbd2 O-O 13. Nh2 Qh4 14. Nxe4 fxe4
15. Qb5 Rab8 16. Nf1 f5 17. Qe2 e5 18. dxe5 Nxe5 19. Ne3 Nd3 20. Rf1 Rbd8 21.
f3 Qh5 22. Nc2 Rd6 23. Nb4 Nxb4 24. cxb4 Rg6 25. Kh1 Be5 26. Qb5 Rd8 27. fxe4
Qh4 28. Qe2 Qg3 29. Bf4 Bxf4 30. Rxf4 Qxf4 31. exd5 Qe4 32. Qf2 Qxd5 33. Re1
Rf8 34. Re2 Qd1+ 35. Kh2 Qd6+ 36. Kh1 b6 37. a3 Re6 38. Rd2 Qe5 39. Rd1 Qe2 40.
Qg3+ Rg6 0-1

[Event "12. Lichtenberger Sommer"]
[Site "Berlin"]
[Date "2013.08.20"]
[Round "4.37"]
[White "Püschel, Werner"]
[Black "Bergmann, Jens"]
[Result "1-0"]
[WhiteElo "2106"]
[BlackElo "1920"]
[PlyCount "125"]
[EventDate "2013.??.??"]
[WhiteTeam "SG Lasker Steglitz-Wilmersdorf"]
[BlackTeam "SK Tempelhof 1931 e.V."]

1. Nf3 f5 2. c4 Nf6 3. Nc3 e6 4. b3 Bb4 5. Bb2 O-O 6. a3 Bxc3 7. Bxc3 d6 8. g3
e5 9. Bg2 c6 10. Qc2 Ne4 11. Bb2 Nd7 12. b4 Qc7 13. Rc1 a5 14. d3 Nef6 15. e3
axb4 16. axb4 Re8 17. O-O Nf8 18. Ra1 Bd7 19. Rxa8 Rxa8 20. c5 Ng6 21. Qb3+ d5
22. Qc3 e4 23. Nd2 Re8 24. Qa3 Ne5 25. Bxe5 Qxe5 26. d4 Qc7 27. Qa7 Qb8 28. Ra1
Qxa7 29. Rxa7 Rb8 30. Nb3 Kf8 31. Bf1 b5 32. cxb6 Rxb6 33. Nc5 Ke8 34. Rb7 Rxb7
35. Nxb7 Ke7 36. h4 Bc8 37. Nc5 Kd6 38. Be2 Nd7 39. Na4 Nb8 40. Nc5 Nd7 41. Nb3
Nb8 42. b5 cxb5 43. Bxb5 Bd7 44. Be2 Bc8 45. Nc5 Nd7 46. Nb3 Nb8 47. Kg2 Ba6
48. Bd1 Nd7 49. g4 g6 50. gxf5 gxf5 51. Kg3 Ke6 52. Kf4 h6 53. Nc5+ Nxc5 54.
dxc5 Bb5 55. f3 Kf6 56. fxe4 fxe4 57. Bg4 Be8 58. Bc8 Bc6 59. h5 Be8 60. Bb7
Ke6 61. Bc8+ Bd7 62. Bxd7+ Kxd7 63. Ke5 1-0

[Event "12. Lichtenberger Sommer"]
[Site "Berlin"]
[Date "2013.08.20"]
[Round "4.38"]
[White "Nötzel, Felix"]
[Black "Schräpel, Manfred"]
[Result "1-0"]
[WhiteElo "2076"]
[BlackElo "1903"]
[PlyCount "37"]
[EventDate "2013.??.??"]
[WhiteTeam "Sfrd. Berlin 1903 e.V."]
[BlackTeam "BSV 63 Chemie Weißensee"]

1. e4 c5 2. d4 cxd4 3. c3 d3 4. Bxd3 d6 5. h3 e6 6. Nf3 Be7 7. O-O Nf6 8. Bg5
Nbd7 9. Nbd2 O-O 10. Qe2 Nc5 11. Bc2 Bd7 12. Rad1 b5 13. e5 dxe5 14. Nxe5 Qc7
15. b4 h6 16. Bxf6 Bxf6 17. Ndf3 Bc8 18. bxc5 Qxc5 19. Qe4 1-0

[Event "12. Lichtenberger Sommer"]
[Site "Berlin"]
[Date "2013.08.20"]
[Round "4.40"]
[White "Strobel, Norbert"]
[Black "Sidabras, Ignas"]
[Result "1-0"]
[WhiteElo "2048"]
[BlackElo "1690"]
[PlyCount "53"]
[EventDate "2013.??.??"]
[WhiteTeam "SV Koblenz 03/25"]
[BlackTeam "SC Kreuzberg e.V."]

1. d4 f5 2. e3 Nf6 3. Bd3 g6 4. f4 Bg7 5. Nf3 O-O 6. c4 d6 7. Nc3 Na6 8. O-O c5
9. h3 Bd7 10. a3 Rb8 11. Qe2 Bc6 12. d5 Bd7 13. Kh2 e5 14. fxe5 dxe5 15. e4 f4
16. Nxe5 Nh5 17. Nxd7 Qxd7 18. Qg4 Qxg4 19. hxg4 Be5 20. gxh5 f3+ 21. Kh1 fxg2+
22. Kxg2 Rxf1 23. Bxf1 Bd6 24. Bh6 Re8 25. Bd3 Re5 26. hxg6 hxg6 27. Bf4 1-0

[Event "12. Lichtenberger Sommer"]
[Site "Berlin"]
[Date "2013.08.20"]
[Round "4.41"]
[White "Schubert, Joachim"]
[Black "Sabrowski, Uwe"]
[Result "0-1"]
[WhiteElo "1814"]
[BlackElo "2114"]
[PlyCount "66"]
[EventDate "2013.??.??"]
[WhiteTeam "SC Friesen Lichtenberg e.V."]
[BlackTeam "SC Friesen Lichtenberg e.V."]

1. e4 c5 2. Nf3 Nc6 3. d4 cxd4 4. Nxd4 Nf6 5. Nc3 e5 6. Ndb5 d6 7. Bg5 a6 8.
Na3 b5 9. Bxf6 gxf6 10. Nd5 Bg7 11. Bd3 Ne7 12. Ne3 f5 13. f3 Bb7 14. Qd2 O-O
15. O-O f4 16. Nd1 f5 17. Nf2 fxe4 18. fxe4 f3 19. gxf3 Ng6 20. Ng4 Nf4 21. Qe1
Kh8 22. Rd1 Bf6 23. Nxf6 Rxf6 24. Kh1 Rh6 25. Rd2 Qf6 26. Qf2 Rg8 27. Rg1 Rxg1+
28. Qxg1 Rg6 29. Qf1 Qg5 30. Rf2 Bc8 31. Rd2 Bh3 32. Qf2 Bg2+ 33. Kg1 Nh3# 0-1

[Event "12. Lichtenberger Sommer"]
[Site "Berlin"]
[Date "2013.08.20"]
[Round "4.42"]
[White "Hörmann, David"]
[Black "Steiner, Wolfram"]
[Result "0-1"]
[WhiteElo "1907"]
[BlackElo "1978"]
[PlyCount "130"]
[EventDate "2013.??.??"]
[WhiteTeam "SC Weisse Dame e.V."]
[BlackTeam "SG Lasker Steglitz-Wilmersdorf"]

1. e4 e5 2. Nf3 Nc6 3. Bc4 Bc5 4. c3 Nf6 5. d4 exd4 6. e5 d5 7. Bb5 Ne4 8. Nxd4
O-O 9. Bxc6 bxc6 10. O-O Ba6 11. Re1 f6 12. exf6 Qxf6 13. f3 Rae8 14. Be3 Nd6
15. Nd2 Rxe3 16. Rxe3 Nf5 17. Re1 Nxd4 18. cxd4 Bxd4+ 19. Kh1 Bxb2 20. Rb1 Bd3
21. Rxb2 Qxb2 22. Nb3 Bg6 23. Re2 Qb1 24. Nc1 Re8 25. Rxe8+ Bxe8 26. h4 Qb4 27.
g3 Qd6 28. Kg2 c5 29. Qe2 Bd7 30. Nd3 c4 31. Ne5 Be6 32. f4 c5 33. Qh5 Qb8 34.
f5 Qb2+ 35. Kh3 g6 36. Nxg6 Qf6 37. Ne7+ Qxe7 38. fxe6 Qxe6+ 39. Kh2 c3 40.
Qg5+ Kf8 41. Qf4+ Ke8 42. Qb8+ Ke7 43. Qc7+ Kf6 44. Qf4+ Ke7 45. Qc7+ Ke8 46.
Qb8+ Kf7 47. Qf4+ Qf6 48. Qc7+ Ke6 49. Qc6+ Ke5 50. Qxc5 Ke4 51. Qxa7 d4 52.
Qa8+ Ke3 53. Qh1 Qf2+ 54. Kh3 c2 55. Qc1+ Qd2 56. Qg1+ Kd3 57. Qf1+ Qe2 58. Qf4
Qe3 59. Qf5+ Kd2 60. Qa5+ Kd1 61. Qa4 d3 62. Qb3 Ke1 63. Qb4+ Kf1 64. Qf8+ Kg1
65. Qa8 Qe6+ 0-1

[Event "12. Lichtenberger Sommer"]
[Site "Berlin"]
[Date "2013.08.20"]
[Round "4.43"]
[White "Schmidt, Markus"]
[Black "Kurbel, Horst-Peter"]
[Result "1-0"]
[WhiteElo "2061"]
[BlackElo "1845"]
[PlyCount "23"]
[EventDate "2013.??.??"]
[WhiteTeam "SK Turm Bad Hersfeld"]
[BlackTeam "FC Bayern München e.V."]

1. e4 c5 2. Nc3 d6 3. f4 g6 4. Nf3 Bg7 5. Bc4 e6 6. O-O Ne7 7. d3 O-O 8. Qe1
Nbc6 9. f5 exf5 10. Qh4 Ne5 11. Bg5 Nxf3+ 12. Rxf3 1-0

[Event "12. Lichtenberger Sommer"]
[Site "Berlin"]
[Date "2013.08.20"]
[Round "4.45"]
[White "Fuchs, Jörg"]
[Black "Poseck, Steffen"]
[Result "0-1"]
[WhiteElo "1862"]
[BlackElo "2044"]
[PlyCount "62"]
[EventDate "2013.??.??"]
[WhiteTeam "SC Kreuzberg e.V."]
[BlackTeam "BSV 63 Chemie Weißensee"]

1. e4 c6 2. d4 d5 3. exd5 cxd5 4. c4 Nf6 5. Nc3 Nc6 6. Bg5 e6 7. Nf3 Be7 8. Bd3
O-O 9. O-O h6 10. Bh4 dxc4 11. Bxc4 Nd5 12. Bxe7 Ndxe7 13. Re1 Qb6 14. Na4 Qa5
15. Qb3 Qb4 16. Qc2 b5 17. d5 Na5 18. dxe6 Nxc4 19. exf7+ Rxf7 20. Qe4 Rb8 21.
Ne5 Bb7 22. Qh4 Rf5 23. Nxc4 Rg5 24. a3 Qxa4 25. Rxe7 bxc4 26. Qf4 Rxg2+ 27.
Kf1 Rf8 28. Qe3 Qc6 29. Re1 Rgxf2+ 30. Qxf2 Rxf2+ 31. Kxf2 Qf3+ 0-1

[Event "12. Lichtenberger Sommer"]
[Site "Berlin"]
[Date "2013.08.20"]
[Round "4.46"]
[White "Sidabras, Jonas"]
[Black "Witte, Ronald"]
[Result "1/2-1/2"]
[WhiteElo "1687"]
[BlackElo "2040"]
[PlyCount "105"]
[EventDate "2013.??.??"]
[WhiteTeam "SC Kreuzberg e.V."]
[BlackTeam "BSV 63 Chemie Weißensee"]

1. d4 d5 2. c4 e6 3. cxd5 exd5 4. Nc3 Nf6 5. Bg5 c6 6. Qc2 Be7 7. e3 Nbd7 8.
Bd3 Nh5 9. Bxe7 Qxe7 10. Nge2 Nb6 11. O-O-O g6 12. Kb1 Ng7 13. Ng3 Bd7 14. Rc1
Ne6 15. Nge2 O-O-O 16. Na4 Qb4 17. Nc5 Nxc5 18. dxc5 Nc4 19. Bxc4 dxc4 20. Nd4
Qxc5 21. Qxc4 Qxc4 22. Rxc4 Kb8 23. Rd1 Be6 24. Rcc1 Bd5 25. f3 f5 26. Rd3 Rhe8
27. Rcd1 a6 28. Ne2 Kc7 29. Nf4 Re5 30. Nxd5+ Rdxd5 31. Kc2 Kd6 32. Rxd5+ Rxd5
33. Re1 a5 34. h4 h5 35. a4 Kc5 36. Kc3 b5 37. axb5 cxb5 38. b3 b4+ 39. Kc2 Kb5
40. e4 Rc5+ 41. Kd2 fxe4 42. Rxe4 a4 43. bxa4+ Kxa4 44. Re6 g5 45. hxg5 Rxg5
46. g4 hxg4 47. fxg4 Rxg4 48. Kc2 Rg2+ 49. Kb1 Ka3 50. Re3+ b3 51. Re1 Rg3 52.
Rh1 Rg2 53. Rf1 1/2-1/2

[Event "12. Lichtenberger Sommer"]
[Site "Berlin"]
[Date "2013.08.20"]
[Round "4.47"]
[White "Flick, Antoine"]
[Black "Möller, Dirk"]
[Result "1-0"]
[WhiteElo "1954"]
[BlackElo "1649"]
[PlyCount "44"]
[EventDate "2013.??.??"]
[WhiteTeam "Philidor Mulhouse"]
[BlackTeam "SC Kreuzberg e.V."]

1. d4 f5 2. Bg5 Nf6 3. Bxf6 gxf6 4. e4 Bg7 5. Qh5+ Kf8 6. exf5 c6 7. Nc3 Qb6 8.
O-O-O d5 9. Nge2 Bd7 10. Nf4 Kg8 11. Ne6 Na6 12. Bxa6 bxa6 13. Na4 Qa5 14. Nac5
Be8 15. Qg4 Bg6 16. fxg6 Qxa2 17. Nxg7 Qa1+ 18. Kd2 Qa4 19. Ke2 Kxg7 20. gxh7+
Kxh7 21. Qh5+ Kg8 22. Qg6+ Kf8 1-0

[Event "12. Lichtenberger Sommer"]
[Site "Berlin"]
[Date "2013.08.20"]
[Round "4.48"]
[White "Zesewitz, Martin"]
[Black "Krajewski, Wolfgang"]
[Result "0-1"]
[WhiteElo "1863"]
[BlackElo "2073"]
[PlyCount "70"]
[EventDate "2013.??.??"]
[WhiteTeam "SF Friedrichshagen"]
[BlackTeam "SK Zehlendorf e.V."]

1. f4 Nh6 2. e4 d5 3. exd5 Qxd5 4. Nc3 Qd6 5. d4 g6 6. Nf3 Bg7 7. Be2 O-O 8.
O-O Bg4 9. Ne5 Bxe2 10. Qxe2 Nf5 11. Ne4 Qxd4+ 12. Kh1 Rd8 13. Nxf7 Kxf7 14.
Ng5+ Ke8 15. Ne6 Qd7 16. Nxd8 Kxd8 17. Be3 Nc6 18. Rad1 Nd6 19. c4 b6 20. c5
bxc5 21. Bxc5 Rb8 22. b3 Ke8 23. f5 Ne5 24. Rd5 Qb5 25. Rxe5 Bxe5 26. Re1 Qxe2
27. Rxe2 Bf6 28. fxg6 hxg6 29. Bxa7 Rb4 30. Rc2 Kd7 31. Bc5 Re4 32. g3 Bd4 33.
a4 Nf5 34. a5 Re1+ 35. Kg2 Ne3+ 0-1

[Event "12. Lichtenberger Sommer"]
[Site "Berlin"]
[Date "2013.08.20"]
[Round "4.49"]
[White "Martin, Julian"]
[Black "Bollenbach, Horst"]
[Result "1-0"]
[WhiteElo "1888"]
[BlackElo "1566"]
[PlyCount "83"]
[EventDate "2013.??.??"]
[WhiteTeam "OSG Baden-Baden"]
[BlackTeam "SC Friesen Lichtenberg e.V."]

1. e4 g6 2. d4 Bg7 3. Nc3 d6 4. Nf3 Nf6 5. Be3 Ng4 6. Bg5 h6 7. Bf4 e6 8. h3
Nf6 9. Bd3 Nc6 10. Qd2 Nh5 11. Be3 e5 12. dxe5 Nxe5 13. Nxe5 dxe5 14. O-O-O c6
15. g4 Nf6 16. f3 Be6 17. Qe2 Qc7 18. Bc4 Bd7 19. h4 a6 20. Bc5 Bf8 21. Bxf8
Kxf8 22. Qd2 b5 23. Bb3 Ke7 24. g5 Nh5 25. Bxf7 Nf4 26. Bb3 h5 27. Qe3 Qa7 28.
Qd2 Qc7 29. Ne2 Rhf8 30. Nxf4 Rxf4 31. Qc3 c5 32. Rd5 c4 33. Qb4+ Kf7 34. Rc5
Qd6 35. Rd1 Qe7 36. Bxc4+ bxc4 37. Qxc4+ Be6 38. Qc3 Kf8 39. Qxe5 Rxf3 40. Rc7
Bd7 41. Qh8+ Kf7 42. Qxa8 1-0

[Event "12. Lichtenberger Sommer"]
[Site "Berlin"]
[Date "2013.08.20"]
[Round "4.50"]
[White "Bockrath, Hendrik"]
[Black "Bernasconi, Roberto"]
[Result "1/2-1/2"]
[WhiteElo "1382"]
[BlackElo "1931"]
[PlyCount "65"]
[EventDate "2013.??.??"]
[WhiteTeam "SC Kreuzberg e.V."]
[BlackTeam "C.S. Scacco Matto Como"]

1. d4 d5 2. Nf3 Nf6 3. c4 dxc4 4. Nc3 c6 5. Bg5 e6 6. e4 Be7 7. Bxc4 O-O 8. O-O
b5 9. e5 bxc4 10. exf6 Bxf6 11. Bxf6 Qxf6 12. Qa4 Rd8 13. Rfd1 Qe7 14. Qxc4 Bb7
15. Qc5 Kf8 16. Ne4 Nd7 17. Qxe7+ Kxe7 18. Nfg5 Nf6 19. Nc5 Rab8 20. Nf3 Ba8
21. Rd2 Rd6 22. Rad1 Nd7 23. Ne5 Nxe5 24. dxe5 Rd5 25. Rxd5 cxd5 26. Rd2 Rc8
27. b4 a5 28. a3 axb4 29. axb4 Rc7 30. f4 Bc6 31. Ra2 Kd8 32. g4 g6 33. g5
1/2-1/2